Biografía de Fray Junípero Serra, O. F. M. / (Record no. 113600)

MARC details
000 -LEADER
campo de control de longitud fija 00801nam a2200205 i 4500
001 - NÚMERO DE CONTROL
campo de control 113600
003 - IDENTIFICADOR DE NÚMERO DE CONTROL
campo de control ES-MaACL
005 - FECHA Y HORA DE LA ÚLTIMA TRANSACCIÓN
campo de control 20251223063019.0
007 - CAMPO FIJO DE DESCRIPCIÓN FÍSICA--INFORMACIÓN GENERAL
campo de control de longitud fija t|
008 - DATOS DE LONGITUD FIJA--INFORMACIÓN GENERAL
campo de control de longitud fija 061121s1977 sp r ||||1| spa d
100 1# - ENTRADA PRINCIPAL--NOMBRE DE PERSONA
Nombre de persona Palou, Francisco,
Fechas asociadas al nombre 1723-1789
9 (RLIN) 88715
245 10 - MENCIÓN DEL TÍTULO
Título Biografía de Fray Junípero Serra, O. F. M. /
Mención de responsabilidad, etc. escrita por el P. Francisco Palou ; introducción de Bartolomé Font Obrador ; descripción de la villa de Petra por Jerónimo Berard.
260 ## - PUBLICACIÓN, DISTRIBUCIÓN, ETC.
Lugar de publicación, distribución, etc. Palma de Mallorca :
Nombre del editor, distribuidor, etc. Cort,
Fecha de publicación, distribución, etc. 1977.
300 ## - DESCRIPCIÓN FÍSICA
Extensión XXIV, 366 p., 18 lám. ;
Dimensiones 21 cm +
Material acompañante/anejo 1 map. pleg.
600 17 - PUNTO DE ACCESO ADICIONAL DE MATERIA--NOMBRE DE PERSONA
Nombre de persona Junípero Serra,
Títulos y otros términos asociados al nombre Santo,
Fechas asociadas al nombre 1713-1784
Fuente del encabezamiento o término
9 (RLIN) 153812
700 1# - ENTRADA AGREGADA--NOMBRE PERSONAL
Nombre de persona Font Obrador, Bartolomé.
9 (RLIN) 51563
700 1# - ENTRADA AGREGADA--NOMBRE PERSONAL
Nombre de persona Berard, Jerónimo.
9 (RLIN) 27823
852 ## - LOCALIZACIÓN
Ubicación ES-MaACL
Número de control de estantería A-7415
Sublocalización o colección R.96736
Holdings
Estatus retirado Estado de pérdida Estado de daño No para préstamo Biblioteca de origen Biblioteca actual Ubicación en estantería Fecha de adquisición Fuente de adquisición Total de préstamos Signatura topográfica completa Código de barras Visto por última vez Precio de reemplazo Tipo de ítem Koha
        Biblioteca del Ateneo de Madrid Biblioteca del Ateneo de Madrid Sala Pecera Planta 1 17/01/2008     A-7415 1118477 23/02/2023 23/02/2023 Libro impreso